Statistics for Ancient History by Letter 'U'

Click here to take the quiz!

General Stats

  • This quiz has been taken 79 times
  • The average score is 4 of 13

Answer Stats

HintAnswer% Correct
A large decorative vase, especially one with an ornamental foot or pedestal.Urn
82%
Husband of Gaea, created by her, the primordial god of the heavens.Uranus
73%
A gloomy place where Romans believed your soul went after you died.Underworld
69%
Same as Odysseus, hero of the Odyssey; King of Ithaca.Ulysses
63%
The southern half of the kingdom of Egypt.Upper Egypt
45%
Uppercase Y, lowercase uUpsilon
28%
The first 5th dynasty king of Egypt. He started the tradition of building sun temples at Abusir. He constructed the Pyramid of Userkaf complex at Saqqara.Userkaf
18%
The muse of astronomy.Urania
13%
He is considered to be either a usurper to the throne after Teti or he could have been a son of Teti and Queen Khuit.Userkare
6%
A wife of Pharaoh Pepi II. Her name is also written as Wadjebten.Udjebten
4%
Celtic god of the blacksmiths.Ucuetis
1%
An ancient kingdom in eastern Asia Minor on the shore of Lake Van; fl. 1270-750 BCE.Urantu
1%
God of thunder, earthquake, sun and sky in Zulu mythology.Umvelinqangi
0%

Score Distribution

Percentile by Number Answered

Percent of People with Each Score

Your Score History

You have not taken this quiz